000 00235nam a2200097Ia 4500
008 190216s9999||||xx |||||||||||||| ||und||
100 _aJamal Muhammed T
245 0 _aVanijya Bhoomishashthram
260 _bKerala Basha Inst
942 _cBK
999 _c34797
_d34797